| 000 | 00436nam a22001697a 4500 | ||
|---|---|---|---|
| 005 | 20180816102900.0 | ||
| 008 | 160524b xxu||||| |||| 00| 0 eng d | ||
| 020 | _a81-7866-203-5 | ||
| 041 | _aeng | ||
| 082 |
_b4540 _a658.4012 |
||
| 100 |
_aMichael, V P _91121 |
||
| 245 | _aGlobalisation, Liberalisation and S. Mgt. | ||
| 260 |
_aNew Delhi _bAcademic Faundation _c2001 |
||
| 300 | _a257p, | ||
| 650 |
_aManagement _9241 |
||
| 942 | _cBK | ||
| 999 |
_c1524 _d1523 |
||